[Event "Titled Tue 20th May Early"]
[Site "chess.com INT"]
[Date "2025.05.20"]
[Round "10"]
[White "Kim, Sergey"]
[Black "Wanyama, Harold"]
[Result "1/2-1/2"]
[WhiteTitle "FM"]
[BlackTitle "FM"]
[WhiteElo "2295"]
[BlackElo "2132"]
[WhiteFideId "13700570"]
[BlackFideId "10000380"]
[EventDate "2025.05.20"]

1. d4 d5 2. c4 e6 3. Nc3 Be7 4. Nf3 Nf6 5. Bf4 dxc4 6. Qa4+ Nbd7 7. Qxc4 c6 8.
e3 Nd5 9. Bg3 N7f6 10. Bd3 O-O 11. O-O Qa5 12. e4 Nb6 13. Qb3 c5 14. e5 Nfd5 15.
Ne4 cxd4 16. Nxd4 Bd7 17. Nd6 Bxd6 18. exd6 Rfc8 19. Qd1 Qb4 20. Be5 g6 21. Qe2
Nf4 22. Bxf4 Qxd4 23. Be5 Qh4 24. Rac1 Bc6 25. Bg3 Qb4 26. a3 Qa5 27. Qe3 Nd5
28. Qh6 Qd8 29. Be5 Qf8 30. Qd2 f6 31. Bg3 Rd8 32. Bc4 Kg7 33. Rfe1 Qf7 34. h4
e5 35. Rcd1 Rxd6 36. h5 Rad8 37. b4 Qe7 38. Qb2 gxh5 39. Qe2 Qe8 40. Qb2 Qg6 41.
b5 Be8 42. Qb3 Bf7 43. a4 Nb6 44. Bxf7 Qxf7 45. Qb1 Rxd1 46. Rxd1 Rxd1+ 47. Qxd1
Qd5 48. Qxh5 Nxa4 49. Qg4+ Kf7 50. Qxa4 h5 51. Kh2 Kg6 52. Qxa7 Qxb5 53. Qb8 Qd5
54. Qe8+ Qf7 55. Qc8 Qe7 56. Qg8+ Qg7 57. Qe8+ Qf7 58. Qc8 Qe7 59. Qg8+ Qg7 60.
Qe8+ Qf7 1/2-1/2

[Event "Titled Tue 20th May Early"]
[Site "chess.com INT"]
[Date "2025.05.20"]
[Round "10"]
[White "Odegov, Artem"]
[Black "Khamdamova, Afruza"]
[Result "1-0"]
[WhiteTitle "FM"]
[BlackTitle "WIM"]
[WhiteElo "2244"]
[BlackElo "2344"]
[WhiteFideId "34183644"]
[BlackFideId "14210444"]
[EventDate "2025.05.20"]

1. d4 d5 2. Nf3 Nf6 3. c4 e6 4. Nc3 Be7 5. g3 dxc4 6. Bg2 O-O 7. O-O c5 8. dxc5
Bxc5 9. Ne5 Qxd1 10. Rxd1 Nbd7 11. Nxc4 Nb6 12. Na5 Ng4 13. Ne4 Bb4 14. Bd2 Be7
15. h3 Ne5 16. Rac1 Nd5 17. Nc3 Nb4 18. Bf4 Nec6 19. Nc4 Bf6 20. Nd6 e5 21. Be3
Nd4 22. a3 Nbc6 23. b4 a6 24. Kf1 Rd8 25. Nxc8 Raxc8 26. Nd5 Ne7 27. Nxf6+ gxf6
28. Bxb7 Rxc1 29. Rxc1 Nef5 30. Bxa6 Ra8 31. Rc8+ Rxc8 32. Bxc8 Nxe3+ 33. fxe3
Nc2 34. b5 Nxe3+ 35. Kf2 Nc4 36. a4 Kf8 37. Bb7 Ke7 38. Bd5 Na5 39. e4 Kd6 40.
Kf3 Kc5 41. Kg4 Kb4 42. Kf5 Kxa4 43. b6 1-0

[Event "Titled Tue 20th May Early"]
[Site "chess.com INT"]
[Date "2025.05.20"]
[Round "10"]
[White "Hehir, Michael"]
[Black "Harriott, Tyrell"]
[Result "1-0"]
[WhiteElo "2009"]
[BlackElo "1924"]
[WhiteFideId "2047411"]
[BlackFideId "2086484"]
[EventDate "2025.05.20"]

1. d4 d6 2. e4 Nf6 3. Nc3 Nbd7 4. Nf3 e5 5. Bc4 Be7 6. O-O O-O 7. h3 c6 8. Bb3
Qc7 9. Be3 h6 10. Qd2 Re8 11. Rad1 Nf8 12. Rfe1 N6h7 13. Bxh6 gxh6 14. Qxh6 Be6
15. Re3 Bxb3 16. axb3 Ng6 17. Ne2 Bf6 18. dxe5 dxe5 19. Ng3 Bg7 20. Qh5 Nf4 21.
Qg4 Nf6 22. Qh4 Ng6 23. Qg5 Rad8 24. Rxd8 Qxd8 25. Rd3 Qc7 26. h4 Nh7 27. Qg4
Kh8 28. Nf5 Bf6 29. g3 Rg8 30. Nh6 Rd8 31. h5 Rxd3 32. cxd3 Bg7 33. hxg6 fxg6
34. Qxg6 Qe7 35. Nf5 Qf6 36. Qxf6 Bxf6 37. Kf1 Kg8 38. Ke2 Kf7 39. d4 exd4 40.
N3xd4 Bd8 41. Kd3 b6 42. f4 Bc7 43. Nxc6 Nf6 44. b4 Ng4 45. Ncd4 Ke8 46. Nb5 Bb8
47. e5 Kd7 48. Kd4 Nf2 49. Kd5 Ng4 50. e6+ Kd8 51. Nbd6 Nf6+ 52. Kc6 Ne8 53. e7# 1-0

[Event "Titled Tue 20th May Early"]
[Site "chess.com INT"]
[Date "2025.05.20"]
[Round "10"]
[White "Drygalov, Sergey"]
[Black "Vlassov, Nikolai"]
[Result "1-0"]
[WhiteTitle "GM"]
[BlackTitle "IM"]
[WhiteElo "2560"]
[BlackElo "2291"]
[WhiteFideId "24171743"]
[BlackFideId "4103360"]
[EventDate "2025.05.20"]

1. d4 Nf6 2. c4 Nc6 3. Nf3 e6 4. g3 Bb4+ 5. Bd2 a5 6. Bg2 d6 7. O-O e5 8. e3 Bg4
9. d5 Nb8 10. h3 Bxf3 11. Bxf3 O-O 12. e4 c6 13. Nc3 cxd5 14. cxd5 Nbd7 15. a3
Bxc3 16. Bxc3 Nc5 17. Re1 b5 18. Bg2 Re8 19. b4 Na4 20. Bd2 Nb2 21. Qe2 Nc4 22.
bxa5 Nxd2 23. Qxd2 Qxa5 24. Qb2 Rec8 25. Re3 Nd7 26. Bf1 Rc5 27. Rb3 Rac8 28.
Rxb5 Qa4 29. Qb4 Qc2 30. a4 f5 31. exf5 Qxf5 32. Rxc5 Nxc5 33. a5 Rf8 34. Ra2
Nd3 35. Bxd3 Qxd3 36. Rd2 Qa6 37. Qb6 Qxb6 38. axb6 Rb8 39. Rb2 Kf7 40. Kg2 Ke7
41. Kf3 Kd7 42. Ke4 g6 43. f3 Kc8 44. Rc2+ Kb7 45. Rc7+ Kxb6 46. Rxh7 Kc5 47.
Rc7+ Kb6 48. Rc6+ Kb5 49. Rxd6 1-0

[Event "Titled Tue 20th May Early"]
[Site "chess.com INT"]
[Date "2025.05.20"]
[Round "10"]
[White "Boramanikar, Tanisha S"]
[Black "Skytte, Robert"]
[Result "1/2-1/2"]
[WhiteTitle "WCM"]
[WhiteElo "1743"]
[BlackElo "2007"]
[WhiteFideId "35023454"]
[BlackFideId "1471775"]
[EventDate "2025.05.20"]

1. d4 d5 2. Bf4 c5 3. Nf3 Nc6 4. Nc3 Nf6 5. e3 a6 6. Be2 Bf5 7. Na4 Qa5+ 8. c3
e6 9. O-O c4 10. b4 Qd8 11. h3 Bd6 12. Ne5 O-O 13. Bh2 Qc7 14. f4 Ne4 15. g4 Bg6
16. Qe1 b5 17. Nc5 Bxc5 18. bxc5 Nxe5 19. fxe5 Qa5 20. Rc1 Rab8 21. h4 h6 22.
Bf3 Rfc8 23. Bxe4 Bxe4 24. Rf2 b4 25. cxb4 Qxb4 26. Qf1 Rb7 27. g5 hxg5 28. hxg5
Bg6 29. Bf4 c3 30. Qh3 c2 31. Rh2 Kf8 32. Qh8+ Ke7 33. Qxg7 Kd7 34. Rhxc2 Bxc2
35. Qxf7+ Kc6 36. Qxe6+ Kb5 37. Qxc8 Ka5 38. Qd8+ Ka4 39. Qxd5 Qd2 40. e4 Qxf4
41. Qc4+ Ka5 42. Qxc2 Qg3+ 43. Kf1 Qf3+ 44. Ke1 Qe3+ 45. Kd1 Qg1+ 46. Kd2 Qf2+
47. Kd1 Qf1+ 48. Kd2 Qf2+ 49. Kd1 Qf1+ 50. Kd2 Qf2+ 1/2-1/2

[Event "Titled Tue 20th May Early"]
[Site "chess.com INT"]
[Date "2025.05.20"]
[Round "10"]
[White "Tan, Jun Ying"]
[Black "Molina, Roberto Junio Brito"]
[Result "1-0"]
[WhiteTitle "FM"]
[BlackTitle "IM"]
[WhiteElo "2414"]
[BlackElo "2381"]
[WhiteFideId "5710413"]
[BlackFideId "2109450"]
[EventDate "2025.05.20"]

1. Nf3 d5 2. e3 c6 3. c4 Nf6 4. Nc3 a6 5. d4 Bf5 6. Ne5 h6 7. Qb3 Ra7 8. cxd5
cxd5 9. Be2 e6 10. O-O Be7 11. Bd2 O-O 12. Rfc1 Nfd7 13. Nxd7 Nxd7 14. Na4 Bd6
15. Nc5 Nxc5 16. dxc5 Bc7 17. Bf3 Qd7 18. Qc3 Rc8 19. b4 e5 20. g3 f6 21. a4 Be6
22. Qb2 Rca8 23. Bc3 Qf7 24. Rab1 b6 25. Bd2 Rb8 26. cxb6 Bxb6 27. b5 axb5 28.
axb5 d4 29. exd4 Bxd4 30. Qb4 Bd5 31. Bxd5 Qxd5 32. Qc4 Qxc4 33. Rxc4 Rab7 34.
Rcb4 Kf7 35. Be3 Bxe3 36. fxe3 Ke6 37. b6 Rc8 38. R1b2 h5 39. Kf2 Kf5 40. Kf3
Rc3 41. h3 g6 42. Ra2 Rc6 43. Rab2 Ke6 44. g4 hxg4+ 45. hxg4 Kd5 46. R4b3 Kc5
47. Rc3+ 1-0

[Event "Titled Tue 20th May Early"]
[Site "chess.com INT"]
[Date "2025.05.20"]
[Round "10"]
[White "Toroptseva, Yevheniia"]
[Black "Duarte Cramer, Lily Jeanette"]
[Result "1-0"]
[WhiteTitle "WFM"]
[BlackTitle "WCM"]
[WhiteElo "2064"]
[BlackElo "1828"]
[WhiteFideId "34109374"]
[BlackFideId "29620180"]
[EventDate "2025.05.20"]

1. e4 c5 2. Nf3 d6 3. d4 cxd4 4. Nxd4 Nf6 5. Nc3 a6 6. Bg5 e6 7. f4 Be7 8. Qf3
Qc7 9. O-O-O Nbd7 10. g4 h6 11. Bxf6 Bxf6 12. h4 Nb6 13. g5 Bxd4 14. Rxd4 Qc5
15. Qd3 hxg5 16. Rxd6 Bd7 17. fxg5 O-O-O 18. Bg2 Bc6 19. Rxd8+ Rxd8 20. Qf3 Qd4
21. Rd1 Qe5 22. Rxd8+ Kxd8 23. Qxf7 Qg3 24. Qf8+ Be8 25. Qf3 Qxh4 26. Qe3 Qg4
27. Qxb6+ Kc8 28. Qf2 Qxg5+ 29. Kb1 Bd7 30. a3 Qg4 31. Qf3 Qg5 32. Qf8+ Kc7 33.
Qf3 g6 34. Ne2 Qd2 35. Qf4+ Qd6 36. Qxd6+ Kxd6 37. Nf4 g5 38. Nd3 e5 39. Kc1 Bg4
40. Kd2 Be6 41. Ke3 b5 42. Nf2 Ke7 43. Bh3 Bc4 44. b3 Bf7 45. Ng4 Kd6 46. Nh6
Bg6 47. Nf5+ 1-0

[Event "Titled Tue 20th May Early"]
[Site "chess.com INT"]
[Date "2025.05.20"]
[Round "10"]
[White "Grot, Blazej"]
[Black "Csonka, Balazs"]
[Result "1/2-1/2"]
[WhiteTitle "CM"]
[BlackTitle "IM"]
[WhiteElo "2217"]
[BlackElo "2469"]
[WhiteFideId "21835845"]
[BlackFideId "742910"]
[EventDate "2025.05.20"]

1. e4 c5 2. Nf3 Nc6 3. d4 cxd4 4. Nxd4 Nf6 5. Nc3 d6 6. Bg5 Bd7 7. Be2 e6 8. O-O
a6 9. a4 Be7 10. Be3 O-O 11. f4 Qc7 12. Qe1 Nxd4 13. Bxd4 Bc6 14. Qg3 Rfd8 15.
Kh1 Kh8 16. Rae1 Bf8 17. e5 dxe5 18. Bxe5 Bd6 19. Bd3 Bxe5 20. fxe5 Ng8 21. Ne4
Bxe4 22. Rxe4 Nh6 23. Rh4 Rd5 24. Rxh6 gxh6 25. Qh4 Rg8 26. Qxh6 Rg7 27. h3 Qc8
28. Qf6 Kg8 29. Rf4 Qd8 30. Qxd8+ Rxd8 31. Rb4 Rd5 32. Rxb7 Rg5 33. Bxa6 Rgxe5
34. Bd3 Re1+ 35. Kh2 e5 36. Re7 Rd4 37. Re8+ Kg7 38. a5 e4 39. Bb5 e3 40. a6 Ra1
41. Re7 Rb4 42. Bd3 Rxb2 43. Rxe3 Rba2 44. Rf3 f6 45. Rg3+ Kf8 46. Rf3 Kg7 47.
Rg3+ Kf8 48. Rf3 Kg7 1/2-1/2

[Event "Titled Tue 20th May Early"]
[Site "chess.com INT"]
[Date "2025.05.20"]
[Round "10"]
[White "Pribelszky, Bence"]
[Black "Rosen, Eric"]
[Result "1-0"]
[WhiteTitle "IM"]
[BlackTitle "IM"]
[WhiteElo "2400"]
[BlackElo "2377"]
[WhiteFideId "769738"]
[BlackFideId "2032562"]
[EventDate "2025.05.20"]

1. d4 d5 2. c4 e6 3. Nf3 Nf6 4. Nc3 Nbd7 5. e3 a6 6. Qc2 dxc4 7. Bxc4 b5 8. Bd3
Bb7 9. Ne4 Bb4+ 10. Bd2 Bxd2+ 11. Nfxd2 O-O 12. O-O Rc8 13. b4 h6 14. a4 Nb6 15.
axb5 axb5 16. Bxb5 Nxe4 17. Nxe4 Qd5 18. Bd3 f5 19. Ra5 fxe4 20. Rxd5 exd3 21.
Qxd3 exd5 22. Rc1 Nc4 23. e4 c6 24. e5 Ra8 25. e6 Rf6 26. Re1 Rxe6 27. Rxe6 Ra1+
28. Qf1 Rxf1+ 29. Kxf1 Kf7 30. Re2 Ba6 31. Ra2 Bb5 32. Ra7+ Kf6 33. Ke1 Nd6 34.
Kd2 Nf5 35. Kc3 Nh4 36. g3 Nf3 37. h4 g5 38. hxg5+ hxg5 39. Ra8 g4 40. Rf8+ Kg7
41. Rf4 Nh2 42. Kd2 Kg6 43. Rf8 Kg5 44. Rh8 Nf3+ 45. Ke3 Kf5 46. Rf8+ Kg5 47.
Rg8+ Kf5 48. Rf8+ Ke6 49. Rf4 Nh2 50. Rf8 Bc4 51. Kf4 1-0

[Event "Titled Tue 20th May Early"]
[Site "chess.com INT"]
[Date "2025.05.20"]
[Round "10"]
[White "Micic, Aleksa"]
[Black "Punin, Andrii"]
[Result "0-1"]
[WhiteTitle "FM"]
[BlackTitle "FM"]
[WhiteElo "2191"]
[BlackElo "2289"]
[WhiteFideId "989940"]
[BlackFideId "14112639"]
[EventDate "2025.05.20"]

1. Nf3 c5 2. e4 g6 3. d4 cxd4 4. Qxd4 Nf6 5. Bb5 a6 6. Qa4 Bg7 7. Nc3 O-O 8. O-O
d6 9. Rd1 Qc7 10. Bf4 Bg4 11. e5 dxe5 12. Bxe5 Qc8 13. Be2 Nc6 14. Bxf6 Bxf6 15.
Nd5 Bxf3 16. Nxf6+ exf6 17. Bxf3 Ne5 18. Bd5 b5 19. Qb3 Ra7 20. f4 Nc4 21. Bxc4
Qxc4 22. Qxc4 bxc4 23. Rd4 Rc8 24. Rad1 Kg7 25. Rd7 Rxd7 26. Rxd7 Rb8 27. b3
cxb3 28. axb3 a5 29. Ra7 Rb5 30. Kf2 g5 31. g3 Kg6 32. Ke3 h5 33. Kd3 h4 34. Kc4
Rf5 35. fxg5 hxg3 36. hxg3 fxg5 37. Kd4 f6 38. c4 Rf3 39. Rxa5 Rxb3 40. c5 Rxg3
41. c6 Rh3 42. Ra8 Rh7 43. Rc8 Kf5 44. Kd5 g4 45. Rd8 Ra7 46. Rd7 Ra8 47. c7 Rc8
48. Kc6 Kf4 0-1

[Event "Titled Tue 20th May Early"]
[Site "chess.com INT"]
[Date "2025.05.20"]
[Round "10"]
[White "Moosavifar, Seyed Abolfazl"]
[Black "Goncharov, Vladimir"]
[Result "1-0"]
[WhiteTitle "FM"]
[WhiteElo "2303"]
[BlackElo "2077"]
[WhiteFideId "42548195"]
[BlackFideId "34162256"]
[EventDate "2025.05.20"]

1. e4 e6 2. g3 d5 3. exd5 exd5 4. d4 Bd6 5. Bg2 c6 6. Ne2 Ne7 7. Bf4 Bg4 8. Bxd6
Qxd6 9. h3 Bh5 10. g4 Bg6 11. c3 h5 12. f4 Bxb1 13. Rxb1 hxg4 14. hxg4 Rxh1+ 15.
Bxh1 Qh6 16. Kf2 Ng6 17. Ke3 Nd7 18. Bf3 O-O-O 19. Qh1 Re8+ 20. Kd2 Nh4 21. g5
Qe6 22. Qxh4 Qe3+ 23. Kc2 Qxf3 24. Ng3 Nb6 25. Qh3+ Kb8 26. Rf1 Qe3 27. Qg2 Nc4
28. Qf2 Qe7 29. Kc1 a5 30. b3 Nd6 31. a4 b5 32. axb5 Nxb5 33. Nf5 Qa3+ 34. Qb2
g6 35. Qxa3 Nxa3 36. Nd6 Re7 37. Kb2 Nb5 38. Nxb5 cxb5 39. Rf2 Kc7 40. Kc2 Kc6
41. Kd3 a4 42. bxa4 bxa4 43. c4 dxc4+ 44. Kxc4 Ra7 45. f5 a3 46. fxg6 fxg6 47.
Rf6+ Kb7 48. Rf7+ Kb6 49. Rxa7 Kxa7 50. Kb3 Kb6 51. Kxa3 Kc6 52. Kb3 Kd5 53. Kc3
Ke6 54. Kc4 Kf5 55. d5 Kxg5 56. d6 Kf6 57. Kd5 g5 58. Kc6 g4 59. d7 Ke7 60. Kc7
g3 61. d8=Q+ Ke6 62. Qg5 1-0

[Event "Titled Tue 20th May Early"]
[Site "chess.com INT"]
[Date "2025.05.20"]
[Round "10"]
[White "Petriashvili, Nikoloz"]
[Black "Waldhausen Gordon, Frederick"]
[Result "1-0"]
[WhiteTitle "IM"]
[BlackTitle "FM"]
[WhiteElo "2468"]
[BlackElo "2397"]
[WhiteFideId "13611216"]
[BlackFideId "2409143"]
[EventDate "2025.05.20"]

1. Na3 Nf6 2. d4 b6 3. Bg5 e6 4. Nf3 Bb7 5. e3 h6 6. Bh4 g5 7. Bg3 Ne4 8. Nd2
Bb4 9. Nb1 h5 10. c3 Nxd2 11. Nxd2 Be7 12. h3 d6 13. Qc2 Nd7 14. O-O-O Nf6 15.
h4 g4 16. f3 Qd7 17. Bd3 Rg8 18. Rhg1 O-O-O 19. e4 gxf3 20. gxf3 Rg7 21. Bf4
Rdg8 22. Rxg7 Rxg7 23. Bg5 Ng8 24. Bxe7 Nxe7 25. e5 Rg2 26. Bf1 Rh2 27. Qh7 Qe8
28. Qxh5 d5 29. Bd3 c5 30. Qg5 cxd4 31. cxd4 Nc6 32. Qf4 Rh3 33. Bb5 Qe7 34. Kb1
Rxh4 35. Qe3 Nxd4 36. Rc1+ Kb8 37. Bd3 Nc6 38. Bb5 Nd4 39. Bd3 f5 40. f4 Nc6 41.
Bb5 Nd8 42. Nb3 Qb4 43. Nd4 Rh2 44. Rc2 Rxc2 45. Kxc2 Qc5+ 46. Kd2 a6 47. Bd3
Kc7 48. a3 b5 49. b4 Qb6 50. Kc3 Bc8 51. Qg3 Nc6 52. Qg7+ Bd7 53. Nxe6+ Kc8 54.
Nc5 d4+ 55. Kd2 Nb8 56. Nxd7 Qc6 57. Nc5 1-0

[Event "Titled Tue 20th May Early"]
[Site "chess.com INT"]
[Date "2025.05.20"]
[Round "10"]
[White "Newansa, M Esandi"]
[Black "Lissillour, Baptiste"]
[Result "0-1"]
[WhiteTitle "WCM"]
[WhiteElo "1947"]
[BlackElo "2318"]
[WhiteFideId "9999060"]
[BlackFideId "45179620"]
[EventDate "2025.05.20"]

1. d4 Nf6 2. Bf4 b6 3. e3 Bb7 4. Nf3 Nh5 5. Bg5 h6 6. Bh4 g5 7. Ne5 Nf6 8. Bg3
d6 9. Nf3 Ne4 10. Bd3 Bg7 11. Nbd2 Nxg3 12. hxg3 Nd7 13. c3 e6 14. Ne4 Qe7 15.
Qc2 a6 16. O-O-O O-O-O 17. Qe2 b5 18. Ned2 c5 19. a4 c4 20. Bc2 d5 21. e4 Rhe8
22. Rhe1 Qd6 23. e5 Qb6 24. Nb1 b4 25. cxb4 Qxb4 26. Qd2 Bf8 27. Qc3 Nb8 28. b3
Nc6 29. bxc4 dxc4 30. Be4 Qxc3+ 31. Nxc3 Ba3+ 32. Kb1 Nb4 33. Bxb7+ Kxb7 34. Na2
Nd5 35. Kc2 a5 36. Rb1+ Bb4 37. Nd2 Rc8 38. Ne4 Ka6 39. Red1 Red8 40. Rh1 Bf8
41. Rb5 Rb8 42. Rhb1 Nb4+ 43. Nxb4+ axb4 44. Rxb8 Rxb8 45. Nd2 Rc8 46. Ra1 Ka5
47. f4 b3+ 48. Kc1 Bb4 49. Nb1 c3 50. Kd1 c2+ 51. Ke2 b2 52. Ra2 cxb1=Q 53. Rxb2
Qxb2+ 54. Kf3 Qb3+ 55. Kg4 Qd1+ 56. Kh3 Qh5# 0-1

[Event "Titled Tue 20th May Early"]
[Site "chess.com INT"]
[Date "2025.05.20"]
[Round "10"]
[White "Ilinca, Felix-Antonio"]
[Black "Sahib, Singh"]
[Result "1/2-1/2"]
[WhiteTitle "IM"]
[BlackTitle "FM"]
[WhiteElo "2420"]
[BlackElo "2416"]
[WhiteFideId "54764998"]
[BlackFideId "25618342"]
[EventDate "2025.05.20"]

1. d4 Nf6 2. Nc3 g6 3. e4 d6 4. Nf3 Bg7 5. h3 O-O 6. Be3 a6 7. a4 Nc6 8. Bc4
Nxe4 9. Nxe4 d5 10. Bd3 dxe4 11. Bxe4 f5 12. Bxc6 bxc6 13. Qd2 Be6 14. O-O Bd5
15. Ne5 c5 16. Bh6 Bxh6 17. Qxh6 cxd4 18. Rad1 Qd6 19. Rfe1 Be4 20. Qf4 c5 21.
c3 h6 22. h4 Kh7 23. f3 g5 24. hxg5 hxg5 25. Qh2+ Kg7 26. fxe4 f4 27. Nc4 Qe6
28. Qh5 Qxc4 29. Qxg5+ Kf7 30. cxd4 cxd4 31. Qxf4+ Ke8 32. Qe5 Rd8 33. Rc1 Qxa4
34. Qh5+ Kd7 35. Qg4+ Ke8 36. Rc7 Qa5 37. Qg6+ Rf7 38. Rcc1 Qe5 39. Rf1 Qg7 40.
Qh5 Qh7 41. Qe5 Qg7 42. Qe6 Rxf1+ 43. Rxf1 d3 44. Qc6+ Rd7 45. Qc8+ Rd8 46. Qc6+
Rd7 47. e5 Qxe5 48. Qa8+ Rd8 49. Qc6+ Rd7 50. Qc8+ Rd8 51. Qc6+ Rd7 1/2-1/2

[Event "Titled Tue 20th May Early"]
[Site "chess.com INT"]
[Date "2025.05.20"]
[Round "10"]
[White "Kjartansson, Gudmundur"]
[Black "Ochedzan, Filip"]
[Result "1/2-1/2"]
[WhiteTitle "GM"]
[BlackTitle "CM"]
[WhiteElo "2437"]
[BlackElo "2130"]
[WhiteFideId "2301318"]
[BlackFideId "21892610"]
[EventDate "2025.05.20"]

1. c4 c5 2. Nf3 Nc6 3. g3 g6 4. d4 cxd4 5. Nxd4 Nxd4 6. Qxd4 Nf6 7. Bg2 Bg7 8.
Nc3 O-O 9. O-O d6 10. Qd2 a6 11. b3 Qc7 12. Bb2 Be6 13. Rfc1 Rac8 14. a4 Qb6 15.
Qd1 Nd7 16. a5 Qc7 17. Nd5 Bxd5 18. Bxg7 Kxg7 19. Qxd5 Rb8 20. b4 Nf6 21. Qd2
Rfd8 22. e3 b6 23. axb6 Qxb6 24. Ra4 Rdc8 25. Qa2 Nd7 26. Rb1 Qc7 27. b5 Nc5 28.
Ra3 axb5 29. cxb5 Qd7 30. Bc6 Rxc6 31. bxc6 Rxb1+ 32. Qxb1 Qxc6 33. Qb2+ Kg8 34.
Ra1 h5 35. h4 Qf3 36. Qd4 Nb3 37. Qd1 Qxd1+ 38. Rxd1 Nc5 39. Ra1 Kg7 40. Kg2 Kf6
41. Kf3 Nd3 42. Ra7 Ne5+ 43. Ke2 Nc6 44. Rc7 Ne5 45. f4 Ng4 46. e4 e5 47. Kf3
Ke6 48. Ra7 Nf6 49. Ra6 Ng4 50. Rb6 Kd7 51. Rb7+ Ke6 52. Rb2 Kd7 53. Ke2 Ke6 54.
Kd3 Nf6 55. Ra2 Nd7 56. Ke3 Nf6 57. Ra7 Ng4+ 58. Kd3 Nf2+ 59. Ke3 Ng4+ 60. Kf3
Nf6 61. Ra6 Ng4 62. Rb6 Kd7 63. Rb7+ Ke6 64. Rb8 Nf6 65. Ke3 Ng4+ 66. Kf3 Nf6
67. Rb7 Ng4 1/2-1/2

[Event "Titled Tue 20th May Early"]
[Site "chess.com INT"]
[Date "2025.05.20"]
[Round "10"]
[White "Deboushnik De"]
[Black "Lai, Duc Minh"]
[Result "1/2-1/2"]
[WhiteElo "2207"]
[BlackElo "2072"]
[WhiteFideId "25768778"]
[BlackFideId "12420387"]
[EventDate "2025.05.20"]

1. e4 c5 2. Nf3 g6 3. d4 cxd4 4. Nxd4 Nc6 5. c4 Nf6 6. Nc3 d6 7. Be2 Nxd4 8.
Qxd4 Bg7 9. Be3 O-O 10. Qd2 a5 11. O-O a4 12. f3 Be6 13. Rac1 Qa5 14. Nd5 Qxd2
15. Nxe7+ Kh8 16. Bxd2 Rfe8 17. Nd5 Nxd5 18. cxd5 Bxd5 19. Bb5 Re5 20. Bxa4 Bxa2
21. b3 b5 22. Ra1 bxa4 23. Rxa2 a3 24. Bc1 Rea5 25. Rd1 R5a6 26. Rd3 Rc8 27. Bf4
Be5 28. Bxe5+ dxe5 29. b4 Rb8 30. Rb3 Ra4 31. h4 Kg7 32. Rbxa3 Raxb4 33. Ra7
R8b7 34. g4 h6 35. g5 hxg5 36. hxg5 f6 37. gxf6+ Kxf6 38. Kg2 Rxa7 39. Rxa7 Rb1
40. Ra6+ Kf7 41. Ra5 Kf6 42. Rc5 Rd1 43. Rc6+ Kf7 44. Kf2 Ra1 45. Kg3 Rg1+ 46.
Kh3 Rf1 47. Kg4 Rg1+ 48. Kh4 Rh1+ 49. Kg3 Rg1+ 50. Kf2 Ra1 51. Rc2 Rb1 52. Ra2
Kf6 53. Ra6+ Kf7 54. Ke3 Rb3+ 55. Kf2 Rb2+ 56. Kg3 Rb1 57. Ra2 Rg1+ 58. Rg2
Rxg2+ 59. Kxg2 Kf6 60. Kg3 Kg5 61. f4+ exf4+ 62. Kf3 Kf6 63. Kxf4 g5+ 64. Kf3
Ke5 65. Kg4 Kxe4 66. Kxg5 1/2-1/2

[Event "Titled Tue 20th May Early"]
[Site "chess.com INT"]
[Date "2025.05.20"]
[Round "10"]
[White "Karpenko, Anton"]
[Black "Kao, Jamison Edrich"]
[Result "0-1"]
[WhiteTitle "CM"]
[BlackTitle "CM"]
[WhiteElo "2218"]
[BlackElo "2018"]
[WhiteFideId "34374353"]
[BlackFideId "6007937"]
[EventDate "2025.05.20"]

1. e4 c5 2. Nf3 d6 3. d4 cxd4 4. Nxd4 Nf6 5. Nc3 Bd7 6. Bg5 e6 7. Qd2 a6 8.
O-O-O h6 9. Bh4 Nxe4 10. Qf4 Nf6 11. Qf3 Nc6 12. Bc4 Be7 13. Bg3 Rc8 14. Bb3 b5
15. Ndxb5 axb5 16. Nxb5 O-O 17. Nxd6 Ra8 18. Rd2 Qb6 19. Rhd1 Na5 20. a3 Nxb3+
21. cxb3 Bc6 22. Qc3 Bd5 23. Nc4 Ne4 24. Nxb6 Nxc3 25. bxc3 Bxa3+ 26. Kc2 Be4+
27. Rd3 Rab8 28. Nd7 Rbd8 29. Nxf8 Bxf8 30. f3 Bxd3+ 31. Rxd3 Ra8 32. Rd2 f6 33.
b4 Kf7 34. Kb3 e5 35. c4 Ke6 36. c5 Rc8 37. Kc4 g5 38. Bf2 h5 39. b5 Be7 40. b6
Bd8 41. b7 Rb8 42. c6 Bc7 43. Ba7 Re8 44. Rd7 Bb8 45. Bxb8 Rxb8 46. c7 Rxb7 47.
c8=Q Rxd7 48. Qe8+ Re7 49. Qxh5 Rd7 50. Qg4+ Ke7 51. Kc3 Rd6 52. Qf5 Rd7 53. g3
Rd4 0-1

[Event "Titled Tue 20th May Early"]
[Site "chess.com INT"]
[Date "2025.05.20"]
[Round "10"]
[White "Bashirli, Saadat"]
[Black "Aranda, Juan Manuel"]
[Result "1-0"]
[WhiteTitle "WCM"]
[BlackTitle "CM"]
[WhiteElo "1941"]
[BlackElo "2134"]
[WhiteFideId "13429990"]
[BlackFideId "160458"]
[EventDate "2025.05.20"]

1. d4 d6 2. c4 e5 3. dxe5 dxe5 4. Qxd8+ Kxd8 5. Nf3 f6 6. Bd2 Be6 7. e3 c6 8. b4
a5 9. b5 Nd7 10. Nc3 Nb6 11. Rc1 Nxc4 12. bxc6 bxc6 13. Ne4 Nxd2 14. Nfxd2 Bb4
15. Bc4 Bd5 16. Ke2 Ne7 17. Rhd1 Kd7 18. Bxd5 cxd5 19. Nb3 Rhc8 20. Nbc5+ Bxc5
21. Nxc5+ Kd6 22. Nd3 Rxc1 23. Rxc1 Rc8 24. Ra1 e4 25. Ne1 Rb8 26. Kd2 Nc6 27.
Nc2 Nb4 28. Rb1 Rb6 29. a3 Nxc2 30. Rxb6+ Kc5 31. Ra6 Kb5 32. Ra7 Nxa3 33. Rxg7
Kb4 34. Rxh7 a4 35. Rb7+ Nb5 36. Rb8 f5 37. h4 f4 38. h5 a3 39. Kc2 Kc4 40. h6
d4 41. exd4 Nxd4+ 42. Kb1 e3 43. fxe3 fxe3 44. Re8 e2 45. h7 Kb3 46. Re3+ Kb4
47. h8=Q a2+ 48. Kxa2 Kc4 49. Qc8+ 1-0

[Event "Titled Tue 20th May Early"]
[Site "chess.com INT"]
[Date "2025.05.20"]
[Round "10"]
[White "Laddha, Shubh Jayesh"]
[Black "Smieszek, Wojciech"]
[Result "0-1"]
[WhiteTitle "FM"]
[BlackTitle "CM"]
[WhiteElo "2303"]
[BlackElo "2141"]
[WhiteFideId "30942799"]
[BlackFideId "1156047"]
[EventDate "2025.05.20"]

1. e4 c5 2. Nf3 g6 3. d4 cxd4 4. Nxd4 Nc6 5. c4 Nf6 6. Nc3 Nxd4 7. Qxd4 d6 8. f3
Bg7 9. Be3 O-O 10. Qd2 a5 11. b3 a4 12. b4 Be6 13. Rc1 Nd7 14. Bh6 Ne5 15. Nd5
Bxd5 16. exd5 e6 17. Bxg7 Kxg7 18. f4 Qh4+ 19. Qf2 Qh6 20. Qd2 Qh4+ 21. Qf2
Qxf2+ 22. Kxf2 Ng4+ 23. Kf3 Nf6 24. dxe6 fxe6 25. g3 e5 26. Bg2 exf4 27. g4 Rae8
28. Rhe1 Re3+ 29. Rxe3 fxe3 30. Kxe3 Nxg4+ 31. Kd3 b6 32. h3 Rf2 33. Bh1 Ne5+
34. Kd4 Rxa2 35. Kd5 Rd2+ 36. Ke6 a3 37. Bd5 Nd3 38. Ra1 a2 39. b5 Nc5+ 40. Kxd6
Nb3 41. Rxa2 Rxa2 42. Kc6 Kf6 43. Kxb6 Rd2 44. Kc6 Ke5 45. b6 Na5+ 46. Kb5 Kd6
47. Kxa5 Kc5 48. Ka6 Ra2+ 49. Kb7 Rb2 50. Kc7 Rxb6 51. Kd7 Rb3 52. Be6 Re3 53.
Ke7 Rf3 0-1